01163nam a2200217Ia 4500001038900000002005100389008003700440010001100477530002200488650004700510650005500557650005000612650003200662650003100694650005300725700004800778700004400826700003700870942001900907999001900926IA_The municipality of San Pedro Tapanatepec Oaxaca represents 46% of total production in the state, with 75,919.34 tons of mango, followed by municipalities; Chahuites 18%, 12.3% Zanatepec Santo Domingo and San Francisco Ixhuatán 3.13%. 4 municipalities in the eastern region of the Isthmus Region produce 131.124 tons which account for 79.44% of the mango production volume of Oaxaca.ESTUDIO DE FACTIBILIDAD PARA LA INSTALACiON DE UNA220117s xx 000 0 und d a185994 aDisponible en PDF 0aEntrepreneurshipzMéxicozOaxaca9149795 0aIniciativa empresarialzMéxicozOaxaca 9149796 0aMangoesxIndustry and tradezMexico 9160934 aMangoesxPackaging 9160935 aMangosxEnvasado 9160936 0aMangosxIndustria y comerciozMéxico 9160937 aAvalos Gutiérrez, Claudio, asesor9163768 aPérez Barrón, Juan, asesor 91637691 aPonce Hernández, Pedro9147918 cTESIS V45 2015 c185994d185994